Social change through voluntary action. (Record no. 171438)
[ view plain ]
| 000 -LEADER | |
|---|---|
| fixed length control field | 00535nam a2200193Ia 4500 |
| 003 - CONTROL NUMBER IDENTIFIER | |
| control field | OSt |
| 005 - DATE AND TIME OF LATEST TRANSACTION | |
| control field | 20230507203050.0 |
| 008 - FIXED-LENGTH DATA ELEMENTS--GENERAL INFORMATION | |
| fixed length control field | 210423s1999 xx 000 0 und d |
| 040 ## - CATALOGING SOURCE | |
| Transcribing agency | AL |
| 041 ## - LANGUAGE CODE | |
| Language code of text/sound track or separate title | eng |
| 082 ## - DEWEY DECIMAL CLASSIFICATION NUMBER | |
| Classification number | 303.484 |
| Edition number | 23 |
| Item number | DANS |
| 100 ## - MAIN ENTRY--PERSONAL NAME | |
| Personal name | DANLWALA (M C);others,Ed. |
| 9 (RLIN) | 99569 |
| 245 ## - TITLE STATEMENT | |
| Title | Social change through voluntary action. |
| 260 ## - PUBLICATION, DISTRIBUTION, ETC. | |
| Place of publication, distribution, etc. | New Delhi |
| Name of publisher, distributor, etc. | Sage Publications |
| Date of publication, distribution, etc. | 1999 |
| 365 ## - TRADE PRICE | |
| Price amount | 350 |
| Currency code | INR |
| 650 ## - SUBJECT ADDED ENTRY--TOPICAL TERM | |
| Topical term or geographic name entry element | Social Change |
| 9 (RLIN) | 99570 |
| 906 ## - LOCAL DATA ELEMENT F, LDF (RLIN) | |
| a | action. ; change ; Social ; through ; voluntary |
| 942 ## - ADDED ENTRY ELEMENTS (KOHA) | |
| Source of classification or shelving scheme | Dewey Decimal Classification |
| Koha item type | Book |
| Withdrawn status | Lost status | Damaged status | Not for loan | Collection code | Home library | Current library | Date acquired | Source of acquisition | Cost, normal purchase price | Total Checkouts | Full call number | Barcode | Date last seen | Price effective from | Koha item type |
|---|---|---|---|---|---|---|---|---|---|---|---|---|---|---|---|
| MSW | St Aloysius PG Library | St Aloysius PG Library | 07/03/2001 | Book World | 350.00 | 303.484 DANS | PG017948 | 08/24/2022 | 04/26/2021 | Book |